[Event "9. Longericher Sommer-Open"]
[Site "9. Longericher Sommer-Open"]
[Date "2012.08.03"]
[Round "1.1"]
[White "Schwark, Mario"]
[Black "Schröter, Ron"]
[Result "1-0"]
[WhiteElo "1746"]
[BlackElo "1469"]
[PlyCount "75"]
[EventDate "2012.??.??"]
[WhiteTeam "SG Kalker/Deutze"]
[BlackTeam "SG Porz e.V."]

1. d4 d5 2. Nf3 e6 3. c4 Nf6 4. Bg5 Be7 5. Nc3 a6 6. c5 O-O 7. e3 c6 8. Bd3 Ne4
9. Bxe7 Nxc3 10. bxc3 Qxe7 11. Rb1 f6 12. Qc2 g6 13. Nh4 g5 14. Nf3 g4 15. Nh4
f5 16. g3 Nd7 17. h3 Nf6 18. hxg4 Nxg4 19. f3 Nxe3 20. Qh2 Rf6 21. Kf2 e5 22.
Rbe1 Ng4+ 23. fxg4 fxg4+ 24. Kg1 e4 25. Be2 e3 26. Ng2 Bf5 27. Qh4 Qg7 28. Nf4
Be4 29. Rh2 Raf8 30. Nh5 Qf7 31. Qxf6 Qxf6 32. Nxf6+ Rxf6 33. Bxg4 Rg6 34. Bh5
Rxg3+ 35. Kf1 Bd3+ 36. Be2 Rf3+ 37. Kg1 Rg3+ 38. Rg2 1-0

[Event "9. Longericher Sommer-Open"]
[Site "9. Longericher Sommer-Open"]
[Date "2012.08.03"]
[Round "1.2"]
[White "Statz, Samuel"]
[Black "Margenberg, Volker"]
[Result "0-1"]
[WhiteElo "1463"]
[BlackElo "1724"]
[PlyCount "46"]
[EventDate "2012.??.??"]
[WhiteTeam "SV Erftstadt e.V."]
[BlackTeam "SV Wiehl 1923 e.V."]

1. e4 e6 2. d4 d5 3. Nc3 Nf6 4. e5 Nfd7 5. Bd3 c5 6. dxc5 Nxc5 7. Nf3 Nc6 8.
Bb5 Bd7 9. O-O Qc7 10. Re1 Be7 11. Bxc6 Bxc6 12. Ng5 h6 13. Qh5 g6 14. Qh3 Bf8
15. Be3 O-O-O 16. Rac1 d4 17. b4 dxe3 18. Rxe3 Na4 19. Nxa4 Bxa4 20. Rc3 Bc6
21. Nxe6 fxe6 22. b5 Qd7 23. bxc6 Qd1+ 0-1

[Event "9. Longericher Sommer-Open"]
[Site "9. Longericher Sommer-Open"]
[Date "2012.08.03"]
[Round "1.3"]
[White "Jansen, Kurt"]
[Black "Theißen, Frank"]
[Result "1-0"]
[WhiteElo "1413"]
[BlackElo "1731"]
[PlyCount "143"]
[EventDate "2012.??.??"]
[WhiteTeam "SK Sülz-Klettenberg"]
[BlackTeam "SF 1974 Heinsberg e.V"]

1. e4 e6 2. d4 d5 3. exd5 exd5 4. Bd3 Nc6 5. c3 Bd6 6. Ne2 Bg4 7. f3 Bd7 8. Bf4
Qe7 9. Bxd6 Qxd6 10. O-O Nf6 11. Ng3 Ne7 12. Re1 O-O-O 13. Nd2 h5 14. Nb3 h4
15. Nf1 Rh5 16. Nc5 Bf5 17. Bxf5+ Nxf5 18. Qa4 Qb6 19. Qb3 Rhh8 20. Re5 g6 21.
Qxb6 axb6 22. Nd3 c6 23. Rae1 Kc7 24. Ne3 Nd7 25. Nxf5 Nxe5 26. Rxe5 gxf5 27.
Rxf5 Rh7 28. Ne5 Re8 29. Rf6 Re7 30. Kf2 Kd8 31. h3 Ke8 32. Rf4 Re6 33. Ng4 Ke7
34. Rf5 f6 35. Ne3 Kf7 36. Rf4 Rh8 37. Rg4 Rhe8 38. Nf5 Re2+ 39. Kg1 Rxb2 40.
Nd6+ Kf8 41. Nxe8 Kxe8 42. Rg7 Rc2 43. Rxb7 b5 44. Ra7 Rxc3 45. a4 Ra3 46. Rc7
Rxa4 47. Rxc6 Rxd4 48. Rxf6 Ke7 49. Rb6 b4 50. Kf2 Rd2+ 51. Ke3 Rb2 52. Kd4
Rxg2 53. Rxb4 Rg3 54. Rb7+ Ke6 55. Rb6+ Kf5 56. Ke3 Ke5 57. Kf2 Rxh3 58. Rh6
Kf4 59. Rf6+ Ke5 60. Rh6 d4 61. Rh8 Kf4 62. Rf8+ Ke5 63. Re8+ Kd5 64. Re4 Kc4
65. Re8 Kc3 66. Rc8+ Kd2 67. f4 Rc3 68. Rh8 Rh3 69. f5 Rh2+ 70. Kf3 d3 71. f6
Rh3+ 72. Kf2 1-0

[Event "9. Longericher Sommer-Open"]
[Site "9. Longericher Sommer-Open"]
[Date "2012.08.03"]
[Round "1.4"]
[White "Herms, Stefan"]
[Black "Aquilino, Pasquale"]
[Result "1-0"]
[WhiteElo "1720"]
[BlackElo "1448"]
[PlyCount "41"]
[EventDate "2012.??.??"]
[WhiteTeam "SC Erkrath 1973"]
[BlackTeam "Ford-SF Köln e.V."]

1. e4 c5 2. Nc3 e6 3. g3 g6 4. Bg2 Bg7 5. d3 Nc6 6. Be3 d6 7. Qd2 Qa5 8. Nge2
b5 9. O-O b4 10. Nd1 e5 11. f4 Bd7 12. f5 O-O-O 13. c3 b3 14. Nf2 bxa2 15. b4
cxb4 16. Rxa2 bxc3 17. Nxc3 Qc7 18. Nb5 Qb8 19. Rb1 Qa8 20. Nxa7+ Nxa7 21. Rxa7
1-0

[Event "9. Longericher Sommer-Open"]
[Site "9. Longericher Sommer-Open"]
[Date "2012.08.03"]
[Round "1.5"]
[White "Niesel, Tobias"]
[Black "Stadtfeld, Martin"]
[Result "0-1"]
[WhiteElo "1401"]
[BlackElo "1720"]
[PlyCount "140"]
[EventDate "2012.??.??"]
[WhiteTeam "Brühler SK 1920 e.V."]
[BlackTeam "SC Jünkerath"]

1. c4 c5 2. g3 Nf6 3. Bg2 Nc6 4. Nc3 e5 5. d3 Be7 6. e4 O-O 7. Nge2 d6 8. O-O
Nd4 9. Nxd4 cxd4 10. Nd5 Nxd5 11. cxd5 b5 12. f4 a5 13. Bd2 Ba6 14. b4 axb4 15.
Bxb4 Qd7 16. Qb3 Rfc8 17. Rf2 Bb7 18. Raf1 f6 19. fxe5 fxe5 20. Qd1 Rf8 21.
Rxf8+ Rxf8 22. Rxf8+ Bxf8 23. Qc2 g6 24. Ba5 Qc8 25. Qc7 Qxc7 26. Bxc7 Bc8 27.
Kf2 Kf7 28. Ke2 Ke7 29. Ba5 Bh6 30. h3 Be3 31. Bd2 Bxd2 32. Kxd2 Kd7 33. h4 Kc7
34. Kc2 Kb6 35. Bf3 Bh3 36. Be2 Ka5 37. Kb3 Bg2 38. a3 h6 39. Ka2 b4 40. axb4+
Kxb4 41. Kb2 h5 42. Kc2 Ka3 43. g4 hxg4 44. Bxg4 Ka2 45. h5 gxh5 46. Bxh5 Ka3
47. Be8 Kb4 48. Bd7 Bf3 49. Bf5 Kc5 50. Bg6 Kb6 51. Bf5 Kc7 52. Kd2 Kd8 53. Bh3
Ke7 54. Be6 Kf6 55. Bf5 Kg5 56. Ke1 Bg4 57. Bh7 Kh6 58. Bg8 Kg7 59. Be6 Bxe6
60. dxe6 Kf6 61. e7 Kxe7 62. Ke2 Ke6 63. Kf2 d5 64. Kf3 dxe4+ 65. Kxe4 Kd6 66.
Kf3 Kd5 67. Ke2 Kc5 68. Kd2 Kb4 69. Kc2 Ka3 70. Kc1 Kb3 0-1

[Event "9. Longericher Sommer-Open"]
[Site "9. Longericher Sommer-Open"]
[Date "2012.08.03"]
[Round "1.6"]
[White "Stelzer, Wolfgang"]
[Black "Oerder, Timon"]
[Result "1-0"]
[WhiteElo "1710"]
[BlackElo "1332"]
[PlyCount "99"]
[EventDate "2012.??.??"]
[WhiteTeam "SC Wittlich 1947"]
[BlackTeam "SV Fideler Bauer Lever"]

1. c4 Nf6 2. Nc3 g6 3. g3 Bg7 4. Bg2 d6 5. e3 c6 6. Nge2 Nbd7 7. O-O O-O 8. d4
Nb6 9. b3 d5 10. cxd5 Nbxd5 11. Ba3 Bg4 12. Qc1 Qd7 13. Re1 Bh3 14. Bh1 Bh6 15.
Nxd5 Nxd5 16. Nc3 Rac8 17. Bg2 Rfe8 18. Bxh3 Qxh3 19. Nxd5 cxd5 20. Qd2 b6 21.
Rac1 e5 22. Rxc8 Qxc8 23. dxe5 Rxe5 24. Bb2 Rh5 25. Qd4 f6 26. Qxf6 Qh3 27.
Qh8+ Kf7 28. Qxh7+ Kf8 29. Qh8+ Kf7 30. Qf6+ Kg8 31. Qd8+ Kf7 32. Qf6+ Kg8 33.
Qxg6+ Kf8 34. Qf6+ Kg8 35. Qf3 Qxh2+ 36. Kf1 Qh3+ 37. Qg2 Qf5 38. g4 Qd3+ 39.
Kg1 Rg5 40. f3 Rg6 41. Bd4 Re6 42. Kf2 Qd2+ 43. Re2 Qd3 44. Qh2 Qg6 45. Qh5 Qd3
46. Qf5 Bxe3+ 47. Bxe3 Rxe3 48. Rxe3 Qd2+ 49. Re2 Qd4+ 50. Kg2 1-0

[Event "9. Longericher Sommer-Open"]
[Site "9. Longericher Sommer-Open"]
[Date "2012.08.03"]
[Round "1.7"]
[White "Klein, Markus"]
[Black "Andrijenko, Anatoliy"]
[Result "0-1"]
[WhiteElo "1321"]
[BlackElo "1696"]
[PlyCount "38"]
[EventDate "2012.??.??"]
[WhiteTeam "SK Sülz-Klettenberg"]
[BlackTeam "SF Köln-Longerich 195"]

1. d4 Nf6 2. Bf4 d6 3. Nf3 Bg4 4. Qd3 Nc6 5. Nbd2 Qd7 6. c3 d5 7. e4 dxe4 8.
Nxe4 Nxe4 9. Qxe4 Bf5 10. Qe3 O-O-O 11. Be2 f6 12. Bd3 Bxd3 13. Qxd3 e5 14. Be3
exd4 15. Nxd4 Nxd4 16. Bxd4 c5 17. Rc1 cxd4 18. cxd4+ Kb8 19. Qg3+ Bd6 0-1

[Event "9. Longericher Sommer-Open"]
[Site "9. Longericher Sommer-Open"]
[Date "2012.08.03"]
[Round "1.8"]
[White "Trinkl, Andreas"]
[Black "Kolbasnikov, Igor"]
[Result "1-0"]
[WhiteElo "1677"]
[BlackElo "1414"]
[PlyCount "45"]
[EventDate "2012.??.??"]
[WhiteTeam "SV 1947 Walldorf"]
[BlackTeam "SF Köln-Longerich 195"]

1. e4 e5 2. f4 d5 3. exd5 e4 4. d3 exd3 5. Qxd3 Nf6 6. Nc3 Bc5 7. Qe2+ Be7 8.
Bd2 O-O 9. O-O-O Bc5 10. h3 Nxd5 11. Qf3 c6 12. Ne4 Qb6 13. Ne2 Ne3 14. Re1
Nxf1 15. Rhxf1 Be6 16. Nxc5 Qxc5 17. Nc3 Qa5 18. b3 Qa3+ 19. Kb1 a5 20. f5 Bd7
21. f6 Qd6 22. Ne4 Qe6 23. fxg7 1-0

[Event "9. Longericher Sommer-Open"]
[Site "9. Longericher Sommer-Open"]
[Date "2012.08.03"]
[Round "1.9"]
[White "Schröter, Heinz-Jürgen"]
[Black "Natterer, Marco"]
[Result "0-1"]
[WhiteElo "1215"]
[BlackElo "1673"]
[PlyCount "62"]
[EventDate "2012.??.??"]
[WhiteTeam "SV Horrem 1948"]
[BlackTeam "SF Seelscheid e.V."]

1. e4 e6 2. Nf3 Nc6 3. Nc3 d5 4. d4 Bb4 5. e5 Bd7 6. a3 Ba5 7. b4 Bb6 8. Be3 a6
9. Bd3 f6 10. O-O fxe5 11. Bg5 Nge7 12. dxe5 O-O 13. Qd2 Qe8 14. Na4 Ba7 15.
Nc5 Bxc5 16. bxc5 Nf5 17. Rab1 Rb8 18. c3 h6 19. Be3 Qe7 20. g3 Be8 21. Nd4
Nxe5 22. f4 Nxd4 23. fxe5 Nf3+ 24. Rxf3 Rxf3 25. Bxa6 Bc6 26. Qd4 Qf8 27. Be2
Rf7 28. Qg4 Kh8 29. Qxe6 Re8 30. Qg4 Rxe5 31. Bd4 Bd7 0-1

[Event "9. Longericher Sommer-Open"]
[Site "9. Longericher Sommer-Open"]
[Date "2012.08.03"]
[Round "1.10"]
[White "Reinartz, Ulrich"]
[Black "Hoferichter, Michael"]
[Result "1-0"]
[WhiteElo "1667"]
[BlackElo "1217"]
[PlyCount "51"]
[EventDate "2012.??.??"]
[BlackTeam "Klub Kölner SF e.V. 1"]

1. e4 e6 2. d4 d5 3. exd5 exd5 4. Nf3 Be7 5. Bd3 Nf6 6. O-O O-O 7. Bf4 Bg4 8.
Nbd2 Nbd7 9. h3 Bxf3 10. Nxf3 c5 11. c4 Nh5 12. Be3 Nhf6 13. Rc1 Rc8 14. Re1
Re8 15. Qb3 Nb6 16. cxd5 cxd4 17. Bxd4 Rxc1 18. Rxc1 Bd6 19. Bb5 Re4 20. Qc2
Nfd7 21. Qxe4 g6 22. Re1 Nf6 23. Bxf6 Qxf6 24. Qd4 Qd8 25. Re8+ Qxe8 26. Bxe8
1-0

[Event "9. Longericher Sommer-Open"]
[Site "9. Longericher Sommer-Open"]
[Date "2012.08.03"]
[Round "1.11"]
[White "Rey, Thorsten"]
[Black "Böhmer, Marcus"]
[Result "0-1"]
[WhiteElo "1186"]
[BlackElo "1658"]
[PlyCount "52"]
[EventDate "2012.??.??"]
[WhiteTeam "Klub Kölner SF e.V. 1"]
[BlackTeam "Kölner SK Dr. Lasker 186"]

1. e4 e6 2. d4 d5 3. Nc3 Nf6 4. e5 Nfd7 5. Bd3 c5 6. dxc5 Bxc5 7. Nh3 Nxe5 8.
O-O Nbc6 9. Ng5 h6 10. Nf3 Qf6 11. Nxe5 Nxe5 12. Be3 Bxe3 13. fxe3 Qg5 14. Qd2
Bd7 15. Nb5 O-O 16. Nd4 Rac8 17. Nf3 Nxf3+ 18. Rxf3 Qe5 19. c3 b5 20. Raf1 f5
21. Qf2 Rf6 22. Qg3 Qxg3 23. Rxg3 Rcf8 24. Rgf3 g5 25. g3 Kg7 26. R1f2 e5 0-1

[Event "9. Longericher Sommer-Open"]
[Site "9. Longericher Sommer-Open"]
[Date "2012.08.03"]
[Round "1.12"]
[White "Plitt, Stefan"]
[Black "Wilde, Christian"]
[Result "1-0"]
[WhiteElo "1652"]
[BlackElo "1155"]
[PlyCount "59"]
[EventDate "2012.??.??"]
[WhiteTeam "SV Grünfeld e.V."]
[BlackTeam "SF Köln-Longerich 195"]

1. c4 Nf6 2. d4 g6 3. Nc3 d6 4. Nf3 Bg7 5. e4 O-O 6. h3 Nbd7 7. Bg5 a6 8. Bd3
c6 9. Qd2 Qc7 10. Rc1 e5 11. d5 c5 12. Bh6 Nh5 13. Ne2 b5 14. Bxg7 Kxg7 15. Nh2
Nb6 16. Ng4 Bxg4 17. hxg4 Nf6 18. Qh6+ Kh8 19. g5 Nbd7 20. gxf6 Nxf6 21. g4
Qa5+ 22. Kf1 Rg8 23. g5 Qd2 24. gxf6 Qxh6 25. Rxh6 g5 26. Ng3 g4 27. Kg2 Rg6
28. Nf5 b4 29. Rxh7+ Kxh7 30. Rh1+ 1-0

[Event "9. Longericher Sommer-Open"]
[Site "9. Longericher Sommer-Open"]
[Date "2012.08.03"]
[Round "1.13"]
[White "Hoffmann, Michael"]
[Black "Smets, Heike"]
[Result "0-1"]
[WhiteElo "1651"]
[BlackElo "1445"]
[PlyCount "76"]
[EventDate "2012.??.??"]
[WhiteTeam "SG Neuss/Norf e."]

1. d4 e6 2. c4 Bb4+ 3. Bd2 Bxd2+ 4. Qxd2 Nf6 5. Nc3 O-O 6. Nf3 b6 7. g3 Bb7 8.
Bg2 d5 9. O-O dxc4 10. Ne5 Bxg2 11. Kxg2 Nd5 12. e4 Nxc3 13. bxc3 b5 14. a4 c6
15. Rfb1 f6 16. Nf3 a6 17. axb5 cxb5 18. Rxb5 axb5 19. Rxa8 Qb6 20. Ra1 Nd7 21.
Qb2 Qb7 22. Ra5 Rb8 23. Nd2 f5 24. Qb1 Nf6 25. f3 g6 26. exf5 exf5 27. Kf2 Nd5
28. Qa1 Qe7 29. Nf1 Qe8 30. Ra7 b4 31. cxb4 Nxb4 32. d5 Nd3+ 33. Kg2 Qe2+ 34.
Kh3 Nf4+ 35. gxf4 Qxf3+ 36. Ng3 c3 37. Qa2 Qg4+ 38. Kg2 Rb2+ 0-1

[Event "9. Longericher Sommer-Open"]
[Site "9. Longericher Sommer-Open"]
[Date "2012.08.03"]
[Round "1.14"]
[White "Lechner, Alexander"]
[Black "Heinrich, Philipp"]
[Result "0-1"]
[WhiteElo "1151"]
[BlackElo "1643"]
[PlyCount "70"]
[EventDate "2012.??.??"]
[WhiteTeam "Godesberger SK 1929 e.V."]
[BlackTeam "SK Haseturm Löningen"]

1. e4 d5 2. e5 c5 3. Nf3 g6 4. c3 Bg7 5. Qa4+ Nc6 6. Bb5 Bd7 7. d4 cxd4 8. Nxd4
Nxe5 9. Bxd7+ Qxd7 10. Qxd7+ Kxd7 11. O-O e6 12. Bf4 Nd3 13. Bc1 Rc8 14. Nb5 a6
15. N5a3 Ne7 16. Rd1 Nxc1 17. Rxc1 Nf5 18. Rd1 Ke7 19. Nd2 Rhd8 20. Nf3 Nd6 21.
Nc2 Nc4 22. Rab1 Ne5 23. Nfd4 Nc6 24. Nb3 b6 25. Nd2 d4 26. c4 Ne5 27. Na3 Bf8
28. b3 d3 29. Rbc1 Ke8 30. Nab1 Bh6 31. Rc3 b5 32. Ne4 b4 33. c5 bxc3 34. Nd6+
Rxd6 35. cxd6 c2 0-1

[Event "9. Longericher Sommer-Open"]
[Site "9. Longericher Sommer-Open"]
[Date "2012.08.03"]
[Round "1.15"]
[White "Kossack, Philipp"]
[Black "Stupp, Gereon"]
[Result "1/2-1/2"]
[WhiteElo "1637"]
[BlackElo "1431"]
[PlyCount "106"]
[EventDate "2012.??.??"]
[WhiteTeam "SV Erftstadt e.V."]
[BlackTeam "SG Neuss/Norf e."]

1. d4 d5 2. c4 e6 3. Nc3 Nf6 4. cxd5 exd5 5. Bg5 Nbd7 6. e3 Be7 7. Bd3 c6 8.
Nge2 O-O 9. O-O Re8 10. a3 Nf8 11. Rb1 a5 12. Qc2 g6 13. f3 Ne6 14. Bh4 Ng7 15.
Bf2 Bd6 16. e4 dxe4 17. fxe4 Ng4 18. e5 Bc7 19. h3 Nxf2 20. Rxf2 Be6 21. Ne4
Rf8 22. Rbf1 Bb6 23. Nc5 Qe7 24. Ng3 Bxc5 25. dxc5 Bd5 26. Qc3 Ne6 27. b4 axb4
28. axb4 Ra7 29. Ra1 Rfa8 30. Rff1 Ra2 31. Rxa2 Rxa2 32. Rf2 Rxf2 33. Kxf2 Nf4
34. Be4 Qh4 35. Kf1 Bxe4 36. Nxe4 Nd5 37. Nf6+ Nxf6 38. exf6 Qf4+ 39. Kg1 h6
40. g3 Qf5 41. h4 g5 42. Qd4 g4 43. Qf4 Qb1+ 44. Kf2 Qc2+ 45. Ke3 Qc3+ 46. Ke4
Qc4+ 47. Ke3 Qc3+ 48. Ke2 Qc2+ 49. Ke1 Qb1+ 50. Kd2 Qb2+ 51. Kd3 Qb3+ 52. Ke4
Qc4+ 53. Ke3 Qc3+ 1/2-1/2

[Event "9. Longericher Sommer-Open"]
[Site "9. Longericher Sommer-Open"]
[Date "2012.08.03"]
[Round "1.16"]
[White "Sewald, Kathrin"]
[Black "Kürten, Lothar"]
[Result "1/2-1/2"]
[WhiteElo "1356"]
[BlackElo "1623"]
[PlyCount "67"]
[EventDate "2012.??.??"]
[WhiteTeam "SG Porz e.V."]
[BlackTeam "SF Köln-Longerich 195"]

1. e4 e6 2. d4 d5 3. exd5 exd5 4. Be2 Nf6 5. Nf3 Bg4 6. h3 Bh5 7. a3 Bd6 8. Nc3
c6 9. Bd2 O-O 10. O-O Re8 11. Re1 Nbd7 12. Be3 Qc7 13. Qd2 h6 14. Nh4 Bxe2 15.
Nxe2 Ne4 16. Qc1 Rac8 17. Nf5 Bf8 18. Bf4 Qd8 19. f3 Nef6 20. Qd2 Nh5 21. Neg3
Nxf4 22. Qxf4 Nf6 23. Rxe8 Qxe8 24. Nxh6+ gxh6 25. Qxf6 Bg7 26. Qf4 c5 27. Nf5
Qe6 28. dxc5 Rxc5 29. Nxg7 Qb6 30. Qg3 Rc6+ 31. Kh1 Rg6 32. Qb8+ Kxg7 33. Qe5+
Kg8 34. Qe8+ 1/2-1/2

[Event "9. Longericher Sommer-Open"]
[Site "9. Longericher Sommer-Open"]
[Date "2012.08.03"]
[Round "1.17"]
[White "Engel, Johann"]
[Black "Kaesemann, Holger"]
[Result "1/2-1/2"]
[WhiteElo "1416"]
[BlackElo "1610"]
[PlyCount "135"]
[EventDate "2012.??.??"]
[WhiteTeam "Brühler SK 1920 e.V."]
[BlackTeam "SK Germania Kupferdreh 1"]

1. d4 Nf6 2. Bg5 e6 3. e4 Be7 4. Nd2 O-O 5. Ngf3 d6 6. Bd3 Nbd7 7. O-O b6 8. c3
Bb7 9. Qc2 e5 10. Rac1 h6 11. Bh4 Nh5 12. Bxe7 Qxe7 13. Rfe1 Nf4 14. g3 Nh3+
15. Kg2 Qe6 16. d5 Qg4 17. Be2 Nf4+ 18. Kh1 Nxe2 19. Rxe2 Ba6 20. Ree1 Nc5 21.
c4 Bc8 22. b4 Nd7 23. Qd1 a5 24. b5 a4 25. Ng1 Qg6 26. Nb1 Nc5 27. Nc3 f5 28.
f3 fxe4 29. Nxe4 Nxe4 30. Rxe4 Bf5 31. Re1 e4 32. f4 h5 33. Qd2 Qf6 34. Qc3 Qg6
35. Ne2 Bh3 36. Qe3 Rfe8 37. Ng1 Bf5 38. Ne2 Kf7 39. Nd4 Bh3 40. f5 Qg4 41. Ne6
Re7 42. Ng5+ Kg8 43. Nxh3 Qxh3 44. Qg5 Rae8 45. f6 Rf7 46. Rf1 Re5 47. Qg6 e3
48. Qd3 h4 49. gxh4 Qxh4 50. fxg7 Rh5 51. Qe2 Rxg7 52. Rf3 Qg4 53. Rxe3 Qxe2
54. Rxe2 Rh3 55. Rg2 Rxg2 56. Kxg2 Rd3 57. Rc2 Kg7 58. Kf2 Kf6 59. Kg2 Ke5 60.
Re2+ Kd4 61. h4 Kxc4 62. Re4+ Kxb5 63. h5 Rxd5 64. Rh4 Rg5+ 65. Kf3 Rg8 66. Ke3
d5 67. Kd4 c6 68. h6 1/2-1/2

[Event "9. Longericher Sommer-Open"]
[Site "9. Longericher Sommer-Open"]
[Date "2012.08.03"]
[Round "1.18"]
[White "Schnier, Steffen"]
[Black "Kaiser, Anton"]
[Result "1-0"]
[WhiteElo "1610"]
[BlackElo "1124"]
[PlyCount "61"]
[EventDate "2012.??.??"]
[WhiteTeam "SV Bad Essen"]
[BlackTeam "SV 1925 Hürth-Berrenra"]

1. e4 c5 2. Nc3 e5 3. Nf3 Nc6 4. Bc4 Nf6 5. Ng5 d5 6. exd5 Nd4 7. d3 Bd6 8.
Nce4 O-O 9. Nxd6 Qxd6 10. Ne4 b5 11. Nxd6 bxc4 12. dxc4 Rd8 13. Nxc8 Raxc8 14.
c3 Nf5 15. Bg5 e4 16. Bxf6 gxf6 17. O-O Kh8 18. Qh5 Nd6 19. Rae1 f5 20. Re3 Rg8
21. Rg3 f6 22. Qh6 Ne8 23. f3 e3 24. Re1 f4 25. Qxf4 Ng7 26. Qxf6 Rcf8 27. Qh6
Nf5 28. Rxg8+ Rxg8 29. Qf6+ Ng7 30. Rxe3 Rf8 31. Qxf8# 1-0

[Event "9. Longericher Sommer-Open"]
[Site "9. Longericher Sommer-Open"]
[Date "2012.08.03"]
[Round "1.19"]
[White "Reiter, Ute"]
[Black "Busse, Alexander"]
[Result "0-1"]
[WhiteElo "1111"]
[BlackElo "1600"]
[PlyCount "76"]
[EventDate "2012.??.??"]
[WhiteTeam "Brühler SK 1920 e.V."]
[BlackTeam "Brühler SK 1920 e.V."]

1. e4 d6 2. d4 g6 3. Nf3 Bg7 4. Nc3 a6 5. Be3 Bg4 6. Be2 Nd7 7. O-O c5 8. Re1
Rc8 9. h3 Bxf3 10. Bxf3 cxd4 11. Bxd4 Ngf6 12. Nd5 e6 13. Nxf6+ Nxf6 14. e5
dxe5 15. Rxe5 Rc4 16. c3 O-O 17. Bxb7 Qd6 18. Qe2 Rxd4 19. cxd4 Qb6 20. Bxa6
Rd8 21. b3 Nd5 22. Rxd5 Rxd5 23. Bc4 Rxd4 24. Kf1 Rxc4 25. Qxc4 Bxa1 26. Qc8+
Kg7 27. h4 Bd4 28. Qc2 e5 29. Qe2 Qd8 30. h5 Qh4 31. Ke1 Qh1+ 32. Kd2 Qxg2 33.
hxg6 hxg6 34. a4 Qb7 35. Kc2 Qc6+ 36. Kd3 Qc3+ 37. Ke4 Qxb3 38. a5 f5# 0-1

[Event "9. Longericher Sommer-Open"]
[Site "9. Longericher Sommer-Open"]
[Date "2012.08.03"]
[Round "1.20"]
[White "Beißel, Daniel"]
[Black "Schröter, Sophie"]
[Result "1-0"]
[WhiteElo "1599"]
[BlackElo "1109"]
[PlyCount "77"]
[EventDate "2012.??.??"]
[WhiteTeam "SV Horrem 1948"]
[BlackTeam "SG Porz e.V."]

1. d4 d5 2. c4 dxc4 3. e3 Be6 4. Nc3 Nf6 5. Nf3 Nc6 6. h3 Bd5 7. Qa4 Ne4 8.
Nxd5 Qxd5 9. Bxc4 Qa5+ 10. Qxa5 Nxa5 11. Bd3 f5 12. Bxe4 fxe4 13. Nd2 O-O-O 14.
Nxe4 e6 15. Ng5 Re8 16. Bd2 Nc4 17. b3 Nxd2 18. Kxd2 Bb4+ 19. Ke2 e5 20. Nf7
Bc3 21. Nxh8 Bxa1 22. Rxa1 Rxh8 23. dxe5 g5 24. f4 gxf4 25. exf4 Kd7 26. Kf3
Ke6 27. Ke4 Rd8 28. f5+ Kf7 29. Rc1 c6 30. g4 Rd5 31. Rc3 h6 32. Rd3 Rxd3 33.
Kxd3 Ke7 34. Kd4 b6 35. b4 b5 36. Kc5 Kd7 37. h4 a6 38. g5 hxg5 39. hxg5 1-0

[Event "9. Longericher Sommer-Open"]
[Site "9. Longericher Sommer-Open"]
[Date "2012.08.03"]
[Round "1.21"]
[White "Berkle, Pascal"]
[Black "Lin, David"]
[Result "1-0"]
[WhiteElo "1586"]
[BlackElo "993"]
[PlyCount "135"]
[EventDate "2012.??.??"]
[WhiteTeam "SV Erftstadt e.V."]
[BlackTeam "Klub Kölner SF e.V. 1"]

1. e4 e5 2. Nf3 Nc6 3. Bc4 Nf6 4. d3 Bc5 5. O-O d6 6. c3 Bg4 7. Qb3 O-O 8. Qxb7
Na5 9. Qb5 Nxc4 10. Qxc4 Bxf3 11. gxf3 Qd7 12. Kg2 Ng4 13. a4 Nxf2 14. d4 Qh3+
15. Kxf2 Qxh2+ 16. Ke1 Qg3+ 17. Ke2 Qg2+ 18. Rf2 Qh1 19. Be3 exd4 20. cxd4 Bb6
21. Kd2 Kh8 22. Qf1 Qh5 23. Qb5 Qxb5 24. axb5 f5 25. Nc3 f4 26. Nd5 fxe3+ 27.
Kxe3 Rae8 28. Kd3 g5 29. Rg1 h6 30. Rgf1 Rf7 31. f4 gxf4 32. Rxf4 Rxf4 33. Rxf4
Rg8 34. Rf7 Rg7 35. Rf8+ Rg8 36. Rf7 Rg7 37. Rf8+ Rg8 38. Rxg8+ Kxg8 39. b4 Kg7
40. Ke3 Kg6 41. Nxb6 axb6 42. Kf4 h5 43. e5 d5 44. Kf3 Kf5 45. Kg3 Ke6 46. Kh4
Kf5 47. Kxh5 Ke6 48. Kg6 Kd7 49. Kf7 c6 50. e6+ Kc7 51. bxc6 Kxc6 52. e7 Kb5
53. e8=Q+ Kxb4 54. Ke6 Kc4 55. Qc6+ Kxd4 56. Qxd5+ Ke3 57. Qb5 Ke4 58. Qxb6 Kf4
59. Qd4+ Kf3 60. Kf5 Ke2 61. Qc3 Kf2 62. Qd3 Kg2 63. Qe3 Kh2 64. Qf3 Kg1 65.
Qe2 Kh1 66. Kg4 Kg1 67. Kg3 Kh1 68. Qg2# 1-0

[Event "9. Longericher Sommer-Open"]
[Site "9. Longericher Sommer-Open"]
[Date "2012.08.03"]
[Round "1.22"]
[White "Kronseder, Michael"]
[Black "Westphal, Gerhard"]
[Result "1-0"]
[WhiteElo "1549"]
[BlackElo "1406"]
[PlyCount "111"]
[EventDate "2012.??.??"]
[WhiteTeam "SV 1925 Hürth-Berrenra"]
[BlackTeam "Ford-SF Köln e.V."]

1. e4 e5 2. Nf3 Nc6 3. Bc4 Bc5 4. c3 d6 5. d4 exd4 6. cxd4 Bb4+ 7. Nc3 Nf6 8.
Qc2 O-O 9. h3 h6 10. O-O Bxc3 11. bxc3 Re8 12. Re1 Be6 13. d5 Na5 14. dxe6 Nxc4
15. exf7+ Kxf7 16. Qb3 d5 17. e5 Na5 18. Qb4 Nc6 19. Qf4 Re6 20. exf6 Rxf6 21.
Ne5+ Nxe5 22. Qxe5 Qd7 23. Ba3 Re6 24. Qxe6+ Qxe6 25. Rxe6 Kxe6 26. Re1+ Kd7
27. Re7+ Kc6 28. Rxg7 Re8 29. Re7 Rd8 30. Re6+ Kb5 31. Rxh6 Kc4 32. Be7 Rd7 33.
Bf6 c5 34. Kf1 b5 35. Ke2 d4 36. cxd4 cxd4 37. Kd2 a5 38. Rh4 b4 39. Rxd4+
Rxd4+ 40. Bxd4 Kxd4 41. Kc2 a4 42. h4 Ke5 43. g4 Kf6 44. f4 Kg6 45. h5+ Kh6 46.
Kb2 Kg7 47. g5 Kh7 48. f5 Kg7 49. h6+ Kh7 50. Kc2 Kg8 51. g6 Kh8 52. f6 Kg8 53.
h7+ Kh8 54. f7 a3 55. Kc1 b3 56. f8=Q# 1-0

[Event "9. Longericher Sommer-Open"]
[Site "9. Longericher Sommer-Open"]
[Date "2012.08.03"]
[Round "1.23"]
[White "Dijkhuis, Oele"]
[Black "Sewald, Jörg"]
[Result "0-1"]
[WhiteElo "988"]
[BlackElo "1538"]
[PlyCount "80"]
[EventDate "2012.??.??"]
[WhiteTeam "Moira Domtoren Utrecht"]
[BlackTeam "SF Esch e.V."]

1. e4 e5 2. Nf3 Nc6 3. d4 exd4 4. Nxd4 Nf6 5. Nc3 Bb4 6. Nxc6 bxc6 7. Bd3 d5 8.
O-O O-O 9. e5 Ng4 10. Qe2 Re8 11. Bf4 f6 12. Bg3 fxe5 13. h3 e4 14. Ba6 Nh6 15.
Bxc8 Qxc8 16. Bf4 Nf5 17. Qh5 g6 18. Qg5 Re6 19. g4 Be7 20. gxf5 Bxg5 21. fxe6
Bxf4 22. e7 Qxh3 23. Rfe1 Bh2+ 24. Kh1 Bd6+ 25. Kg1 Bc5 26. Nxe4 Bxe7 27. Ng3
Bc5 28. Re2 Qxg3+ 29. Kf1 Qf3 30. Ke1 Qh1+ 31. Kd2 Qxa1 32. a3 Qxb2 33. f3 Qd4+
34. Ke1 Bxa3 35. Kf1 Qd1+ 36. Re1 Qxf3+ 37. Kg1 Bc5+ 38. Kh2 Bf2 39. Rf1 Qg3+
40. Kh1 Qh3# 0-1

[Event "9. Longericher Sommer-Open"]
[Site "9. Longericher Sommer-Open"]
[Date "2012.08.03"]
[Round "1.24"]
[White "Knobeloch, Olaf"]
[Black "Vjazner, Lilian"]
[Result "1-0"]
[WhiteElo "1520"]
[BlackElo "954"]
[PlyCount "113"]
[EventDate "2012.??.??"]
[WhiteTeam "Pulheimer Sport-Club 1924/57 e.V"]
[BlackTeam "Klub Kölner SF e.V. 1"]

1. d4 d5 2. Nf3 Nc6 3. e3 Nf6 4. Bd3 Bg4 5. Nbd2 e6 6. O-O Bd6 7. c4 O-O 8. a3
e5 9. dxe5 Nxe5 10. Be2 Ne4 11. cxd5 f5 12. Nxe5 Bxe2 13. Qxe2 Nxd2 14. Qxd2
Bxe5 15. f3 Qe7 16. f4 Bf6 17. Qc2 g6 18. Bd2 Rad8 19. Rfe1 Rfe8 20. Bb4 Qf7
21. Rad1 Rxd5 22. Rxd5 Qxd5 23. Rd1 Qf7 24. Rd3 b6 25. Qd2 Qc4 26. Bc3 Qc6 27.
Bxf6 Qxf6 28. Rd7 Qc6 29. Kf2 Kf8 30. Rxh7 Re7 31. Qd8+ Re8 32. Rh8+ Kf7 33.
Rxe8 Qxe8 34. Qxc7+ Qe7 35. Qxe7+ Kxe7 36. Ke2 Kd6 37. Kd3 Kd5 38. b4 a6 39. h3
a5 40. bxa5 bxa5 41. g4 fxg4 42. hxg4 Kc5 43. f5 g5 44. e4 Kd6 45. Kd4 Ke7 46.
e5 Kf7 47. Kd5 Ke7 48. f6+ Kf7 49. Kd6 Ke8 50. e6 Kf8 51. Kd7 a4 52. e7+ Kf7
53. e8=Q+ Kxf6 54. Qe6+ Kg7 55. Ke7 Kh7 56. Kf7 Kh8 57. Qh6# 1-0